<?xml version="1.0" encoding="UTF-8"?>
<record
    xmlns:xsi="http://www.w3.org/2001/XMLSchema-instance"
    xsi:schemaLocation="http://www.loc.gov/MARC21/slim http://www.loc.gov/standards/marcxml/schema/MARC21slim.xsd"
    xmlns="http://www.loc.gov/MARC21/slim">

  <leader>01172nam a22002177a 4500</leader>
  <controlfield tag="005">20260508130730.0</controlfield>
  <datafield tag="010" ind1=" " ind2=" ">
    <subfield code="a">HIN-131223-24</subfield>
  </datafield>
  <datafield tag="020" ind1=" " ind2=" ">
    <subfield code="c">600.00 (&#x916;&#x902;&#x921;-1)</subfield>
  </datafield>
  <datafield tag="020" ind1=" " ind2=" ">
    <subfield code="c">700.00 (&#x916;&#x902;&#x921;-2)</subfield>
  </datafield>
  <datafield tag="035" ind1=" " ind2=" ">
    <subfield code="a">HN-103569-70</subfield>
  </datafield>
  <datafield tag="037" ind1=" " ind2=" ">
    <subfield code="b">DBAD</subfield>
  </datafield>
  <datafield tag="082" ind1=" " ind2=" ">
    <subfield code="a">230.2</subfield>
  </datafield>
  <datafield tag="100" ind1=" " ind2=" ">
    <subfield code="a">&#x905;&#x916;&#x923;&#x94D;&#x921;&#x93E;&#x928;&#x928;&#x94D;&#x926; &#x938;&#x930;&#x938;&#x94D;&#x935;&#x924;&#x940;</subfield>
  </datafield>
  <datafield tag="245" ind1=" " ind2=" ">
    <subfield code="a">&#x92D;&#x93E;&#x917;&#x935;&#x924;-&#x926;&#x930;&#x94D;&#x936;&#x928; :</subfield>
    <subfield code="c">&#x905;&#x916;&#x923;&#x94D;&#x921;&#x93E;&#x928;&#x928;&#x94D;&#x926; &#x938;&#x930;&#x938;&#x94D;&#x935;&#x924;&#x940; ; &#x938;&#x924;&#x940;&#x936;&#x92C;&#x93E;&#x932;&#x93E; &#x92E;&#x939;&#x947;&#x928;&#x94D;&#x926;&#x94D;&#x930;&#x932;&#x93E;&#x932; &#x91C;&#x947;&#x920;&#x940; &#x926;&#x94D;&#x935;&#x93E;&#x930;&#x93E; &#x938;&#x902;&#x915;&#x932;&#x93F;&#x924;</subfield>
    <subfield code="b">(&#x936;&#x94D;&#x930;&#x940;&#x92E;&#x926;&#x94D;&#x92D;&#x93E;&#x917;&#x935;&#x924;-&#x92E;&#x939;&#x93E;&#x92A;&#x941;&#x930;&#x93E;&#x923;) /</subfield>
  </datafield>
  <datafield tag="260" ind1=" " ind2=" ">
    <subfield code="a">&#x92E;&#x941;&#x902;&#x92C;&#x908;</subfield>
    <subfield code="b">&#x938;&#x924;&#x94D;&#x938;&#x93E;&#x939;&#x93F;&#x924;&#x94D;&#x92F; &#x92A;&#x94D;&#x930;&#x915;&#x93E;&#x936;&#x928;</subfield>
    <subfield code="c">2015</subfield>
  </datafield>
  <datafield tag="270" ind1=" " ind2=" ">
    <subfield code="a">'&#x935;&#x93F;&#x92A;&#x941;&#x932;' 28/16 &#x92C;&#x940;.&#x91C;&#x940;.&#x916;&#x947;&#x930; &#x92E;&#x93E;&#x930;&#x94D;&#x917; &#x92E;&#x93E;&#x932;&#x93E;&#x92C;&#x93E;&#x930; &#x939;&#x93F;&#x932;</subfield>
    <subfield code="b">&#x92E;&#x941;&#x902;&#x92C;&#x908;</subfield>
    <subfield code="e">400006</subfield>
    <subfield code="k">23682055</subfield>
  </datafield>
  <datafield tag="300" ind1=" " ind2=" ">
    <subfield code="a">&#x916;&#x902;&#x921;-2 &#x935;&#x93F;.&#x92A;&#x943;.</subfield>
    <subfield code="c">25 &#x938;&#x947;&#x92E;&#x940; (&#x938;&#x91C;&#x93F;&#x932;&#x94D;&#x926; )</subfield>
    <subfield code="b">&#x938;&#x91A;&#x93F;&#x924;&#x94D;&#x930;</subfield>
  </datafield>
  <datafield tag="490" ind1=" " ind2=" ">
    <subfield code="v">2 &#x916;&#x902;&#x921;&#x94B; &#x915;&#x93E; &#x938;&#x947;&#x91F;</subfield>
  </datafield>
  <datafield tag="700" ind1=" " ind2=" ">
    <subfield code="a">&#x91C;&#x947;&#x920;&#x940;, &#x938;&#x924;&#x940;&#x936;&#x92C;&#x93E;&#x932;&#x93E; &#x92E;&#x939;&#x947;&#x928;&#x94D;&#x926;&#x94D;&#x930;&#x932;&#x93E;&#x932; </subfield>
    <subfield code="9">89030</subfield>
  </datafield>
  <datafield tag="942" ind1=" " ind2=" ">
    <subfield code="2">ddc</subfield>
    <subfield code="c">HN</subfield>
    <subfield code="h">230.2</subfield>
    <subfield code="m">&#x905;&#x916;&#x923;&#x94D;&#x921;&#x93E;</subfield>
  </datafield>
  <datafield tag="999" ind1=" " ind2=" ">
    <subfield code="c">216101</subfield>
    <subfield code="d">216101</subfield>
  </datafield>
  <datafield tag="952" ind1=" " ind2=" ">
    <subfield code="0">0</subfield>
    <subfield code="1">0</subfield>
    <subfield code="3">&#x916;&#x902;&#x921; 1</subfield>
    <subfield code="4">0</subfield>
    <subfield code="7">1</subfield>
    <subfield code="8">REF</subfield>
    <subfield code="a">ZLS</subfield>
    <subfield code="b">ZLS</subfield>
    <subfield code="d">2026-05-08</subfield>
    <subfield code="e">DBAD</subfield>
    <subfield code="g">600.00</subfield>
    <subfield code="l">0</subfield>
    <subfield code="o">230.2 &#x905;&#x916;&#x923;&#x94D;&#x921;&#x93E;</subfield>
    <subfield code="p">HN-103569</subfield>
    <subfield code="r">2026-05-08 15:29:24</subfield>
    <subfield code="t">1</subfield>
    <subfield code="v">600.00</subfield>
    <subfield code="w">2026-05-08</subfield>
    <subfield code="y">HN</subfield>
  </datafield>
  <datafield tag="952" ind1=" " ind2=" ">
    <subfield code="0">0</subfield>
    <subfield code="1">0</subfield>
    <subfield code="3">&#x916;&#x902;&#x921; 2</subfield>
    <subfield code="4">0</subfield>
    <subfield code="7">1</subfield>
    <subfield code="8">REF</subfield>
    <subfield code="a">ZLS</subfield>
    <subfield code="b">ZLS</subfield>
    <subfield code="d">2026-05-08</subfield>
    <subfield code="e">DBAD</subfield>
    <subfield code="g">700.00</subfield>
    <subfield code="l">0</subfield>
    <subfield code="o">230.2 &#x905;&#x916;&#x923;&#x94D;&#x921;&#x93E;</subfield>
    <subfield code="p">HN-103570</subfield>
    <subfield code="r">2026-05-08 15:29:24</subfield>
    <subfield code="t">2</subfield>
    <subfield code="v">700.00</subfield>
    <subfield code="w">2026-05-08</subfield>
    <subfield code="y">HN</subfield>
  </datafield>
</record>
